Projektek nyomon követése mátrixokkal = Comprehensive planning and coordinating matrix
The matrix-based planning methods – because of the iterational connection handled by them – became essential methods for product or software development projects. These planning methods do not only make it possible to define the activities and create connections between them, but also allows us to s...
Elmentve itt :
| Szerzők: | |
|---|---|
| Dokumentumtípus: | Cikk |
| Megjelent: |
Egyesület Közép-Európa Kutatására
Szeged
2015
|
| Sorozat: | Taylor : gazdálkodás- és szervezéstudományi folyóirat
7 No. 1-2 |
| Kulcsszavak: | Projektmenedzsment - tervezés, Vezetés - vállalati |
| Tárgyszavak: | |
| Online Access: | http://acta.bibl.u-szeged.hu/36306 |
| LEADER | 01624nab a2200241 i 4500 | ||
|---|---|---|---|
| 001 | acta36306 | ||
| 005 | 20260109131020.0 | ||
| 008 | 161017s2015 hu o 000 hun d | ||
| 022 | |a 2062-1396 | ||
| 040 | |a SZTE Egyetemi Kiadványok Repozitórium |b hun | ||
| 041 | |a hun | ||
| 041 | |a eng | ||
| 100 | 1 | |a Kosztyán Zsolt Tibor | |
| 245 | 1 | 0 | |a Projektek nyomon követése mátrixokkal = Comprehensive planning and coordinating matrix |h [elektronikus dokumentum] / |c Kosztyán Zsolt Tibor |
| 260 | |a Egyesület Közép-Európa Kutatására |b Szeged |c 2015 | ||
| 300 | |a 144-151 | ||
| 490 | 0 | |a Taylor : gazdálkodás- és szervezéstudományi folyóirat |v 7 No. 1-2 | |
| 520 | 3 | |a The matrix-based planning methods – because of the iterational connection handled by them – became essential methods for product or software development projects. These planning methods do not only make it possible to define the activities and create connections between them, but also allows us to schedule (Eppinger et al., 1994) and track (Minogue, 2011) simpler, linear projects. The goal of the research – using mainly Minogue’s (2011) results – was to create a matrix-based method, which makes the planning of multiple projects transparent and trackable – even multiprojects –, and records and processes the data about it’s realization. | |
| 650 | 4 | |a Társadalomtudományok | |
| 650 | 4 | |a Közgazdasági és gazdálkodástudományok | |
| 695 | |a Projektmenedzsment - tervezés, Vezetés - vállalati | ||
| 700 | 0 | 1 | |a Kurbucz Marcell Tamás |e aut |
| 856 | 4 | 0 | |u http://acta.bibl.u-szeged.hu/36306/1/vikek_018_019_144-151.pdf |z Dokumentum-elérés |